Grammaire En Dialogues : (ბიბ.ჩანაწერი № 51295)
[ მარტივი ფორმატი ]
| 000 -LEADER | |
|---|---|
| fixed length control field | 00741nam a2200241Ia 4500 |
| 001 - CONTROL NUMBER | |
| control field | 18264 |
| 003 - CONTROL NUMBER IDENTIFIER | |
| control field | GE_BSU |
| 005 - DATE AND TIME OF LATEST TRANSACTION | |
| control field | 20230313174154.0 |
| 008 - FIXED-LENGTH DATA ELEMENTS--GENERAL INFORMATION | |
| fixed length control field | 181216s2013||||fr |||||||||||||| ||fre|| |
| 020 ## - INTERNATIONAL STANDARD BOOK NUMBER | |
| International Standard Book Number | 9782090380613 |
| 040 ## - CATALOGING SOURCE | |
| Transcribing agency | GE_BSU |
| 080 ## - UNIVERSAL DECIMAL CLASSIFICATION NUMBER | |
| Universal Decimal Classification number | 811.133.1 M-67 |
| 100 ## - MAIN ENTRY--PERSONAL NAME | |
| Personal name | Miquel, Claire |
| 9 (RLIN) | 7389 |
| 245 ## - TITLE STATEMENT | |
| Title | Grammaire En Dialogues : |
| Remainder of title | Niveau avance B2-C1 [With CD (Audio)] / |
| Statement of responsibility, etc. | Claire Miquel ; Edition Christine Grall. |
| 264 ## - PRODUCTION, PUBLICATION, DISTRIBUTION, MANUFACTURE, AND COPYRIGHT NOTICE | |
| Place of production, publication, distribution, manufacture | Paris : |
| Name of producer, publisher, distributor, manufacturer | CLE International, |
| Date of production, publication, distribution, manufacture, or copyright notice | 2013. |
| 300 ## - PHYSICAL DESCRIPTION | |
| Extent | 144 p. ; |
| Dimensions | 29 cm. |
| Accompanying material | +1Audio CD |
| 653 ## - INDEX TERM--UNCONTROLLED | |
| keyword | Grammaire En Dialogues |
| 653 ## - INDEX TERM--UNCONTROLLED | |
| keyword | Niveau avance |
| 653 ## - INDEX TERM--UNCONTROLLED | |
| keyword | ფრანგული ენა |
| 700 ## - ADDED ENTRY--PERSONAL NAME | |
| Personal name | Grall, Christine |
| Relator term | Edition |
| 9 (RLIN) | 17193 |
| 942 ## - ADDED ENTRY ELEMENTS (KOHA) | |
| Koha item type | წიგნი |
| Source of classification or shelving scheme | |
| Withdrawn status | Lost status | Source of classification or shelving scheme | Damaged status | Not for loan | Permanent Location | Current Location | Shelving location | Date acquired | Cost, normal purchase price | Full call number | Barcode | Date last seen | Copy number | Price effective from | Koha item type | Public note |
|---|---|---|---|---|---|---|---|---|---|---|---|---|---|---|---|---|
| ბათუმის შოთა რუსთაველის სახელმწიფო უნივერსიტეტის მთავარი ბიბლიოთეკა | ბათუმის შოთა რუსთაველის სახელმწიფო უნივერსიტეტის მთავარი ბიბლიოთეკა | წიგნსაცავი | 2018-12-17 | 203.25 | 811.133.1 M-67 | 46518 | 2018-12-17 | 46518 | 2018-12-17 | წიგნი | 203.25 GEL. | |||||
| ბათუმის შოთა რუსთაველის სახელმწიფო უნივერსიტეტის მთავარი ბიბლიოთეკა | ბათუმის შოთა რუსთაველის სახელმწიფო უნივერსიტეტის მთავარი ბიბლიოთეკა | წიგნსაცავი | 2018-12-17 | 88.00 | 811.133.1 M-67 | 57646 | 2018-12-17 | 57646 | 2018-12-17 | წიგნი | 88.00 GEL. | |||||
| ბათუმის შოთა რუსთაველის სახელმწიფო უნივერსიტეტის მთავარი ბიბლიოთეკა | ბათუმის შოთა რუსთაველის სახელმწიფო უნივერსიტეტის მთავარი ბიბლიოთეკა | წიგნსაცავი | 2018-12-17 | 88.00 | 811.133.1 M-67 | 57645 | 2018-12-17 | 57645 | 2018-12-17 | წიგნი | 88.00 GEL. | |||||
| ბათუმის შოთა რუსთაველის სახელმწიფო უნივერსიტეტის მთავარი ბიბლიოთეკა | ბათუმის შოთა რუსთაველის სახელმწიფო უნივერსიტეტის მთავარი ბიბლიოთეკა | წიგნსაცავი | 2018-12-17 | 88.00 | 811.133.1 M-67 | 57792 | 2018-12-17 | 57792 | 2018-12-17 | წიგნი | 88.00 GEL. | |||||
| ბათუმის შოთა რუსთაველის სახელმწიფო უნივერსიტეტის მთავარი ბიბლიოთეკა | ბათუმის შოთა რუსთაველის სახელმწიფო უნივერსიტეტის მთავარი ბიბლიოთეკა | წიგნსაცავი | 2018-12-17 | 88.00 | 811.133.1 M-67 | 57793 | 2018-12-17 | 57593 | 2018-12-17 | წიგნი | 88.00 GEL. | |||||
| ბათუმის შოთა რუსთაველის სახელმწიფო უნივერსიტეტის მთავარი ბიბლიოთეკა | ბათუმის შოთა რუსთაველის სახელმწიფო უნივერსიტეტის მთავარი ბიბლიოთეკა | წიგნსაცავი | 2018-12-17 | 88.00 | 811.133.1 M-67 | 57794 | 2018-12-17 | 57794 | 2018-12-17 | წიგნი | 88.00 GEL. |
